000 01611nam0a2200349 4500
001 RU\NLR\bibl\1875401
005 20260408183445.0
010 _a978-5-7924-0954-5
_9150
021 _aRU
_b2012-9577
_9717
035 _a(NLR Aleph) 001865209
035 _a(nilc)RSL-KNO-005395256
090 _a2585924
_c2585924
100 _a20120220d2011 u y0rusy50 ca
101 0 _arus
102 _aRU
105 _ay |||||||||
200 1 _aСправедливость как этическая категория
_eучебное пособие
_e[для студентов вузов]
_fА. В. Зелепукин
_gМ-во образования и науки Российской Федерации, Федеральное гос. бюджетное образовательное учреждение высш. проф. образования "Саратовская гос. юрид. акад."
210 _aСаратов
_cСГЮА
_d2011
215 _a54, [1] с.
_d21
320 _aБиблиогр.: с. 54 и в подстроч. примеч.
606 _aСправедливость (этич.)
_jУчебные издания для высших учебных заведений
_3RU\NLR\auth\661039382
_91669869
610 0 _aсправедливость
686 _aЮ713.12я73-1
_2rubbk
686 _aЮ703.12я73
700 1 _aЗелепукин
_bА. В.
_gАнатолий Васильевич
_4070
801 0 _aRU
_bRuMoRKP
_c20120220
_grcr
801 1 _aRU
_bРГБ
_c20120220
801 2 _aRU
_bNLR
_c20120301
_grcr
942 _cBOOK
980 _aNB
980 _aNBR